000 00812cab a2200277 4500
001 ABS58002
008 090401t1997 xxu||||| |||| 00| 0 eng d
035 _a(Sirsi) u82281
041 _aeng
100 _aHowarth, A.
245 _aTracking problems
260 _c1997
350 _a0
490 _aEstates Gazette
_v(9746) 15 November 1997, 116-117(2)
520 _aConsiders methods of obtaining funds to enhance London`s transport infrastructure. Expresses concern that government may suspend transport decisions.
650 _aFUNDING
650 _aLONDON UNDERGROUND
650 _aLONDON
650 _aRAILWAYS
650 _aRICS
650 _aTRANSPORT INFRASTRUCTURE
650 _aTRANSPORT INVESTMENT
690 _aTRANSPORT AND COMMUNICATIONS
942 _n0
948 _c21/11/1997
999 _c51921
_d51921